• 首页
  • 本馆介绍
  • 公告通知
  • 最新文献
  • 馆藏检索
  • 电子资源
  • 读者导购
  • 参考咨询
  • 我的图书馆
  • 登录
  • 详细信息显示
  • 放入我的书架
  • 预约/预借图书
  • 作者相关作品
  • 分类相关作品
  • 丛书相关作品
  • 出版社相关作品

书目信息

  • 表格格式
  • 工作单格式
  • 卡片格式
题名:
硫酸生产中的催化过程
    
 
作者: 波列斯科夫 著 ;北京化工设计院技术情报科 译
分册:  
出版信息: 北京   化学工业出版社  1959
页数: 341页
开本: 20cm
丛书名:
单 册:
中图分类: TQ111.6
科图分类:
主题词: 无机酸--生产
电子资源:
ISBN:
000 00766nam0 2200205 450
001 0636432364
005 20060316101048.29
010    @dCNY1.80
100    @a20060316d1959 km y0chiy0120 ea
101 0  @achi
102    @aCN@b110000
200 1  @a硫酸生产中的催化过程@Aliu suan sheng chan zhong de cui hua guo cheng@f(苏)Г·К·波列斯科夫著@F(su)Г·К·bo lie si ke fu zhu@g北京化工设计院技术情报科译@Gbei jing hua gong she ji yuan ji shu qing bao ke yi
210    @a北京@c化学工业出版社@d1959
215 1  @a341页@d20cm
606 0  @a无机酸@x生产
690    @aTQ111.6@v4
701  0 @a波列斯科夫@Abo lie si ke fu@4著
712  0 @a北京化工设计院技术情报科@Abei jing hua gong she ji yuan ji shu qing bao ke@4译
801  0 @aCN@bPFT@c20060316
905    @a10447@dTQ111.6@e1
    
    硫酸生产中的催化过程/(苏)Г·К·波列斯科夫著/北京化工设计院技术情报科译.-北京:化学工业出版社,1959
    341页;20cm
    
    
    ISBN :CNY1.80
    
●
相关链接 在E读中查询图书 在五车中查询图书 在当当中查询图书 在豆瓣中查询图书


正题名:硫酸生产中的催化过程     索取号:TQ111.6/1         预约/预借

序号 登录号 条形码 馆藏地/架位号 状态 备注
1 0015889   202187999   密集书库/ [索取号:TQ111.6/1] 在馆    
唐山师范学院图书馆 欢迎您!
大连网信软件有限公司© 版权所有